'C' TV Shows Quiz Stats

 Plays Quiz not verified by Sporcle

Also try: Batman Villains
Challenge
Share
Tweet
Embed
Score 0/20 Timer 10:00
0 Plays Today
% Correct
Cosby Show
96.3%
Cougar Town
93.6%
Cheers
90.9%
CSI: Miami
89.3%
Curb Your Enthusiasm
88.8%
Chips
85%
Community
79.1%
Charles in Charge
78.1%
CSI: NY
77.5%
Castle
71.1%
% Correct
Caroline in the City
69%
Cagney & Lacey
68.4%
Chuck
66.3%
Criminal Minds
60.4%
Crossing Jordan
58.3%
Covert Affairs
55.6%
Cold Case
48.1%
Cory in the House
46.5%
Class
35.8%
Chalk Zone
28.9%

You're not logged in!

Compare scores with friends on all Sporcle quizzes.
Join for Free
OR
Log In

You Might Also Like...

Show Comments

Extras

Top Quizzes Today


Score Distribution

Your Account Isn't Verified!

In order to create a playlist on Sporcle, you need to verify the email address you used during registration. Go to your Sporcle Settings to finish the process.

Report this User

Report this user for behavior that violates our Community Guidelines.

Details: